Personnages de Glee par images - Statistiques

Statistiques générales
  • Ce quiz a été pris 113 fois
  • Le résultat moyen est 28 sur 46
Statistiques - réponses
Par images Réponse % Correct
Rachel Berry
100%
Finn Hudson
98%
Mercedes Jones
97%
Quinn Fabray
97%
Kurt Hummel
96%
Santana Lopez
96%
Sue Sylvester
93%
Noah (Puck) Puckerman
91%
Will Schuester
91%
Sam Evans
90%
Blaine Anderson
88%
Brittany Pierce
88%
Tina Cohen-Chang
88%
Mike Chang
84%
Artie Abrams
81%
Emma Pillsbury
81%
Burt Hummel
71%
Marley Rose
69%
Becky Jackson
68%
Kitty Wilde
68%
Terri Schuester
68%
Sugar Motta
67%
Unique Adams
66%
Jesse St. James
63%
Jake Puckerman
60%
Lauren Zizes
53%
David Karofsky
52%
Rory Flanagan
52%
Ryder Lynn
52%
Joe Hart
49%
Sabastian Smythe
46%
Shanon (Sheldon) Beiste
44%
Brody Weston
43%
Principal Figgins
43%
April Rhodes
42%
Shelby Corcoran
37%
Carole Hudson
35%
Holly Holliday
33%
Carmen Tibideaux
24%
Jane Hayward
20%
Spencer Porter
19%
Mason McCarthy
17%
Madison McCarthy
15%
Roderick Meeks
15%
Myron Muskovitz
12%
Alistair
8%
Aucun quiz correspondant
Distribution des résultats
% des personnes avec chaque résultat
Percentile par nombre de réponses
Votre historique - résultats
Vous n’avez pas pris ce quiz